| 000 | 00418nam a22001577a 4500 | ||
|---|---|---|---|
| 003 | OSt | ||
| 005 | 20151106161456.0 | ||
| 008 | 151106b xxu||||| |||| 00| 0 eng d | ||
| 040 | _cRUA | ||
| 082 | _a FOR YAN 1998 B125 Or.1 | ||
| 100 |
_93472 _aYANG, PHAYRUM. |
||
| 245 | _aConcept on forest and wildlife management in stung treng | ||
| 260 |
_aPhnom Penh _bRUA _c1998 |
||
| 300 |
_a60p. _bill. _c29cm. |
||
| 942 |
_2ddc _cFOR |
||
| 999 |
_c3238 _d3238 |
||